[Event "AUTO-ELITE-1636"]
[Site "http://www.queenalice.com/game.php?id=1410777"]
[Date "2016.2.23"]
[Round "1"]
[White "toninhojit"]
[Black "Buuuu"]
[Result "1-0"]
[WhiteElo "2465"]
[BlackElo "2206"]

1. d4 Nf6 2. c4 c5 3. d5 e6 4. Nc3 exd5 5. cxd5 d6 6. e4 g6 7. Nf3 a6 8. a4 Bg4
9. Be2 Bxf3 10. Bxf3 Nbd7 11. O-O Bg7 12. Bf4 Qc7 13. h3 O-O 14. a5 Ne8 15. Qd2
Rb8 16. Be2 b5 17. axb6 Qxb6 18. Rfb1 a5 19. Bh6 f5 20. exf5 gxf5 21. Ra4 Ne5
22. b3 Ng6 23. Bxg7 Kxg7 24. Nb5 Nf6 25. Rba1 Rfe8 26. Rxa5 Ne4 27. Ra7+ Re7 28.
Qb2+ Kf7 29. R1a6 Qd8 30. f3 Ng3 31. Rxe7+ Qxe7 32. Ra7 Rb7 33. Rxb7 Qxb7 34.
Nxd6+ 1-0

[Event "AUTO-ELITE-1636"]
[Site "http://www.queenalice.com/game.php?id=1410780"]
[Date "2016.2.23"]
[Round "1"]
[White "FabioDavid"]
[Black "toninhojit"]
[Result "0-1"]
[WhiteElo "2523"]
[BlackElo "2494"]

1. b3 e5 2. Bb2 Nc6 3. e3 Nf6 4. Bb5 Bd6 5. Na3 a6 6. Bxc6 dxc6 7. Nc4 Qe7 8.
Nxd6+ cxd6 9. d3 O-O 10. Ne2 b5 11. O-O a5 12. a4 b4 13. Qd2 Nh5 14. e4 f5 15.
exf5 Bxf5 16. Rae1 Bg6 17. Qe3 Nf6 18. f3 Rae8 19. Bc1 Nd5 20. Qf2 c5 21. Qg3
Qa7 22. Qf2 Qb6 23. Ng3 h6 24. Ne4 Nf4 25. Be3 Ne6 26. Qg3 Kh7 27. Nd2 d5 28.
Rc1 Nd4 29. Qf2 Rf6 30. Bxd4 cxd4 0-1

[Event "AUTO-ELITE-1636"]
[Site "http://www.queenalice.com/game.php?id=1410781"]
[Date "2016.2.23"]
[Round "1"]
[White "toninhojit"]
[Black "FabioDavid"]
[Result "1/2-1/2"]
[WhiteElo "2517"]
[BlackElo "2529"]

1. d4 d5 2. c4 e6 3. Nf3 Nf6 4. g3 dxc4 5. Bg2 c5 6. O-O Nc6 7. Ne5 Bd7 8. Nd2
cxd4 9. Ndxc4 Rc8 10. Qb3 Nd5 11. Qxb7 f6 12. Qxd7+ Qxd7 13. Nxd7 Kxd7 14. Rd1
Ncb4 15. Na5 Nc2 16. Rb1 Bc5 17. Bd2 Bb6 18. Nb3 Rc7 19. a4 a6 20. Bf3 Kd6 21.
Rbc1 Rhc8 22. Kg2 g5 23. Rh1 Ncb4 24. Rxc7 Rxc7 25. h4 h6 26. hxg5 hxg5 27. Be4
Ke5 28. Bb1 Kd6 29. Rh8 Ba7 30. Rd8+ Rd7 31. Ra8 Rc7 32. Bg6 Nc6 33. Bd3 Nb6 34.
Rf8 Ke7 35. Rg8 Nxa4 36. Bxa6 Bb6 37. Bb5 Nxb2 38. Ra8 Ne5 39. Bb4+ Kf7 40. Bd6
Rc3 41. Nd2 Nbc4 42. Nxc4 Nxc4 43. Bb4 Rc2 44. Rf8+ Kg7 45. Re8 d3 46. Re7+ Kg6
47. Rxe6 dxe2 48. Be1 Ba5 49. Bxa5 1/2-1/2

[Event "AUTO-ELITE-1637"]
[Site "http://www.queenalice.com/game.php?id=1411024"]
[Date "2016.2.25"]
[Round "1"]
[White "toninhojit"]
[Black "hepre"]
[Result "1-0"]
[WhiteElo "2515"]
[BlackElo "2228"]

1. d4 Nf6 2. c4 e6 3. g3 Bb4+ 4. Bd2 Bxd2+ 5. Qxd2 d5 6. Bg2 c6 7. Nf3 Nbd7 8.
O-O b6 9. Ne5 Bb7 10. Nc3 O-O 11. f4 Qe7 12. e4 dxe4 13. Nxe4 c5 14. Nxf6+ Nxf6
15. Bxb7 Qxb7 16. dxc5 bxc5 17. Rad1 Rac8 18. Rf3 Rb8 19. Rb3 Qc7 20. Rd3 a5 21.
g4 Rbc8 22. b3 h6 23. Qe2 Rcd8 24. g5 Rxd3 25. Rxd3 hxg5 26. fxg5 Nh7 27. Rd7
Qc8 28. Qg4 Qe8 29. h4 a4 30. Qf3 Qa8 31. Qxa8 Rxa8 32. Rxf7 axb3 33. axb3 Nf8
34. Rb7 Rd8 35. Kf2 Rd2+ 36. Ke3 Rd8 37. Rb5 Rd1 38. Rxc5 Rb1 39. Rc8 Rxb3+ 40.
Kf4 Rh3 41. Kg4 Rh1 42. Kh5 g6+ 43. Nxg6 Kg7 44. Nxf8 e5 45. Nd7 e4 46. Nf6 Kf7
47. Nxe4 1-0

[Event "AUTO-ELITE-1637"]
[Site "http://www.queenalice.com/game.php?id=1411025"]
[Date "2016.2.25"]
[Round "1"]
[White "hepre"]
[Black "toninhojit"]
[Result "0-1"]
[WhiteElo "2225"]
[BlackElo "2517"]

1. e4 e6 2. d4 d5 3. Nd2 Nf6 4. e5 Nfd7 5. c3 c5 6. Bd3 Nc6 7. Ngf3 cxd4 8. cxd4
f6 9. exf6 Qxf6 10. O-O Bd6 11. Re1 h6 12. Nf1 O-O 13. Ng3 e5 14. Qb3 Qf7 15.
Re2 exd4 16. Qc2 Nde5 17. Nxe5 Nxe5 18. Bh7+ Kh8 19. f4 Bg4 20. fxe5 Bxe2 21.
Qxe2 Rae8 22. Bd3 Rxe5 23. Qf1 Qxf1+ 24. Bxf1 Re1 25. Bf4 Rxa1 26. Bxd6 d3 27.
Bb4 Rc8 28. Kf2 Rxa2 29. Ba3 d2 30. Be2 Ra1 31. Nf5 Rc2 32. Kg3 d1=Q 33. Bxd1
Rxd1 34. Kh3 Kh7 35. Bd6 Rd3+ 36. g3 Kg6 37. Nh4+ Kh5 38. Nf5 g5 39. Ng7+ Kg6
40. Kg4 Kxg7 41. Kf5 Rf2+ 42. Ke6 Rf6+ 43. Kd7 Rxd6+ 44. Kxd6 d4 45. Kd5 Rd2 46.
h4 gxh4 47. gxh4 Rxb2 0-1

[Event "AUTO-ELITE-1637"]
[Site "http://www.queenalice.com/game.php?id=1411026"]
[Date "2016.2.25"]
[Round "1"]
[White "toninhojit"]
[Black "FabioDavid"]
[Result "1/2-1/2"]
[WhiteElo "2506"]
[BlackElo "2527"]

1. d4 d5 2. c4 e6 3. Nf3 Nf6 4. g3 Bb4+ 5. Bd2 Be7 6. Bg2 O-O 7. O-O dxc4 8. Qc2
Nc6 9. Qxc4 Qd5 10. Qd3 Qe4 11. Qxe4 Nxe4 12. Bf4 Bd6 13. Rc1 Bxf4 14. gxf4 Nf6
15. e3 Nd5 16. Nc3 Nce7 17. Nxd5 Nxd5 18. Ne5 c6 19. Nd3 g6 20. a3 a5 21. h4 h5
22. Kf1 Ne7 23. Ke2 Rd8 24. Be4 Nf5 25. Rh1 Kg7 26. Rac1 f6 27. Nc5 Nd6 28. Bd3
Ra7 29. Na4 Bd7 30. Nb6 Be8 31. Rc5 Nc8 32. Nxc8 Rxc8 33. Rg1 Kh6 34. Rgc1 Rd8
35. Be4 Bf7 36. b3 Rd6 37. Rg1 Be8 38. Rc3 Ra6 39. Bd3 Ra8 40. Rc2 Rd5 41. Rcc1
Rd6 42. Rg2 Rad8 43. Rcg1 f5 44. Rc1 b6 45. b4 axb4 46. axb4 Ra8 47. Bc4 Kg7 48.
Rgg1 Ra4 49. Rb1 Kf6 50. Rgc1 Rd8 51. Bd3 Rda8 52. Bc2 R4a7 53. Bb3 Rc7 54. Ke1
Ke7 55. Bc4 Kd6 56. Kd2 Ke7 57. Be2 Ra2+ 58. Rc2 Rxc2+ 59. Kxc2 Ra7 60. Bc4 Kd6
61. Bb3 Bf7 62. Kb2 Be8 63. Rc1 Bf7 64. b5 c5 65. dxc5+ bxc5 66. Bc4 Ra4 67.
Rd1+ Kc7 68. Kb3 Rb4+ 69. Kc3 Ra4 70. Rd2 Ra3+ 71. Kb2 Ra4 72. Kb3 Rb4+ 73. Kc3
Ra4 74. b6+ Kxb6 75. Rd7 Ra3+ 76. Kb2 Ra7 77. Bxe6 Rxd7 78. Bxd7 1/2-1/2

[Event "AUTO-ELITE-1637"]
[Site "http://www.queenalice.com/game.php?id=1411027"]
[Date "2016.2.25"]
[Round "1"]
[White "FabioDavid"]
[Black "toninhojit"]
[Result "0-1"]
[WhiteElo "2532"]
[BlackElo "2485"]

1. b3 e5 2. Bb2 Nc6 3. c4 Nf6 4. e3 d5 5. cxd5 Nxd5 6. a3 Bd6 7. Qc2 O-O 8. Nf3
Qe7 9. Nc3 Nxc3 10. Qxc3 Be6 11. Bd3 f5 12. Bc4 Bxc4 13. Qxc4+ Kh8 14. d3 e4 15.
dxe4 fxe4 16. Nd2 Be5 17. Qc2 Rad8 18. Bxe5 Nxe5 19. O-O Nd3 20. Rad1 Rf5 21. b4
a5 22. bxa5 Rxa5 23. Rb1 b6 24. Qc4 Ne5 25. Qb4 Qe8 0-1

[Event "AUTO-ELITE-1628"]
[Site "http://www.queenalice.com/game.php?id=1413978"]
[Date "2016.3.18"]
[Round "2"]
[White "toninhojit"]
[Black "leduar"]
[Result "1-0"]
[WhiteElo "2468"]
[BlackElo "2359"]

1. d4 f5 2. Bg5 Nf6 3. Bxf6 exf6 4. e3 g6 5. h4 h5 6. Nh3 Bd6 7. Nc3 a6 8. Qf3
Bb4 9. O-O-O Bxc3 10. bxc3 Qe7 11. Nf4 Rh6 12. Nd5 Qd6 13. e4 fxe4 14. Nxf6+ Kd8
15. Nxe4 Qe7 16. Ng5 Ke8 17. Bd3 Qa3+ 18. Kb1 Nc6 19. Rde1+ Ne7 20. Qf7+ Kd8 21.
Qf8# 1-0

[Event "AUTO-ELITE-1628"]
[Site "http://www.queenalice.com/game.php?id=1413979"]
[Date "2016.3.18"]
[Round "2"]
[White "leduar"]
[Black "toninhojit"]
[Result "0-1"]
[WhiteElo "2331"]
[BlackElo "2474"]

1. e4 e6 2. d4 d5 3. e5 c5 4. c3 Nc6 5. Nf3 Qb6 6. a3 c4 7. Qc2 f6 8. exf6 Nxf6
9. g3 Bd6 10. Bh3 O-O 11. Ng5 e5 12. Bxc8 Raxc8 13. O-O exd4 14. cxd4 Nxd4 15.
Qd1 h6 16. Nf3 Nxf3+ 17. Qxf3 Ne4 18. Qe2 Bc5 19. Be3 Bxe3 20. fxe3 Rxf1+ 21.
Kxf1 Rf8+ 22. Ke1 Rf2 0-1

[Event "AUTO-ELITE-1603"]
[Site "http://www.queenalice.com/game.php?id=1417221"]
[Date "2016.4.8"]
[Round "2"]
[White "Suso71"]
[Black "toninhojit"]
[Result "1-0"]
[WhiteElo "2798"]
[BlackElo "2519"]

1. e4 e6 2. d4 d5 3. Nc3 Nf6 4. Bg5 Bb4 5. e5 h6 6. Bc1 Ne4 7. Qg4 Kf8 8. Ne2 c5
9. a3 Bxc3+ 10. bxc3 cxd4 11. cxd4 Nc6 12. c3 Qa5 13. Be3 Ne7 14. Qh3 Kg8 15. f3
Ng5 16. Qg4 Nf5 17. Bd2 Nh7 18. f4 Nf8 19. Qf3 Qa4 20. g4 Nh4 21. Qf2 Nfg6 22.
Ng3 h5 23. h3 hxg4 24. hxg4 Bd7 25. f5 exf5 26. gxf5 Nxe5 27. dxe5 Re8 28. Qf4
Qxf4 29. Bxf4 Nf3+ 30. Kf2 Rxh1 31. Nxh1 Nxe5 32. Ng3 Ng4+ 33. Kg1 Nf6 34. Bg2
Bc6 35. Rd1 g6 36. Bf3 Ne4 37. Bxe4 dxe4 38. Kf2 Kg7 39. Rd6 Bb5 40. Be3 a6 41.
Bd4+ Kh7 42. Rf6 Re7 43. Ke3 Bc6 44. Ne2 gxf5 45. Rxf5 f6 46. Rxf6 1-0

[Event "AUTO-ELITE-1603"]
[Site "http://www.queenalice.com/game.php?id=1417222"]
[Date "2016.4.8"]
[Round "2"]
[White "toninhojit"]
[Black "Suso71"]
[Result "1/2-1/2"]
[WhiteElo "2509"]
[BlackElo "2810"]

1. d4 Nf6 2. c4 g6 3. Nc3 d5 4. cxd5 Nxd5 5. e4 Nxc3 6. bxc3 Bg7 7. Bc4 O-O 8.
Ne2 Nc6 9. O-O b6 10. Be3 e6 11. Qd2 Qe7 12. e5 Na5 13. Bd3 Bb7 14. Ng3 Rad8 15.
Bg5 f6 16. exf6 Bxf6 17. Bxf6 Qxf6 18. Rad1 e5 19. dxe5 Qc6 20. f3 Qc5+ 21. Kh1
Ba6 22. Qc2 Rxd3 23. Rxd3 Qxe5 24. Rfd1 Bxd3 25. Qxd3 Nb7 26. Qc4+ Rf7 27. Ne4
Nd6 28. Nxd6 cxd6 29. h3 Kg7 30. Qd3 Rf6 31. Qa6 Rf7 32. Qc4 Qe3 33. Qc6 Rf6 34.
Qa8 Rf7 35. Qd5 Qxc3 36. Qxd6 Rc7 37. a4 Rf7 38. Qe6 h5 39. Qe8 Qc7 40. Qb5 Re7
41. Qb2+ Kh7 42. Qd4 Re2 43. Qd7+ Re7 44. Qd5 Re5 45. Qd2 Re7 46. Qb4 Re2 47.
Qd4 Qe7 48. Rc1 Re1+ 49. Rxe1 Qxe1+ 50. Kh2 Qe8 51. f4 Qe7 52. Qd3 h4 53. Qd2
Qf6 54. Qe3 Kh6 55. f5+ Qg5 56. Qd4 gxf5 57. Qh8+ Kg6 58. Qg8+ Kf6 59. Qd8+ Kg6
60. Qg8+ Kf6 61. Qd8+ Kg6 62. Qg8+ 1/2-1/2

[Event "AUTO-ELITE-1603"]
[Site "http://www.queenalice.com/game.php?id=1417225"]
[Date "2016.4.8"]
[Round "2"]
[White "toninhojit"]
[Black "Sexxy_Bunny"]
[Result "1/2-1/2"]
[WhiteElo "2509"]
[BlackElo "2756"]

1. d4 Nf6 2. c4 e6 3. g3 d5 4. Nf3 dxc4 5. Bg2 a6 6. O-O Nc6 7. Nbd2 Nxd4 8.
Nxc4 Nxf3+ 9. Bxf3 Qxd1 10. Rxd1 Be7 11. Na5 Nd5 12. e4 Nb6 13. Bf4 c6 14. Bc7
Nd7 15. Rac1 Bd8 16. Bxd8 Kxd8 17. e5 g5 18. Rd4 Ke7 19. Re1 h5 20. h4 g4 21.
Bg2 Nb6 22. a3 Nd5 23. Rd2 Rb8 24. Nc4 Bd7 25. b4 b6 26. Rc1 Rhd8 27. f4 gxf3
28. Bxf3 Rh8 29. Kf2 Rh6 30. Kg2 Rg8 31. Kh2 Rhg6 32. Rg1 Rh8 33. Rd3 f5 34.
exf6+ Rxf6 35. Re1 Be8 36. Bxd5 cxd5 37. Nxb6 Kd6 38. Rc3 e5 39. Rc8 Rf2+ 40.
Kg1 Rf3 41. Rd1 Rg8 42. Rxd5+ Ke6 43. Kh2 Rgxg3 44. Rxe8+ Kf7 45. Rexe5 Rh3+ 46.
Kg1 Rhg3+ 47. Kh2 1/2-1/2

[Event "AUTO-ELITE-1603"]
[Site "http://www.queenalice.com/game.php?id=1417226"]
[Date "2016.4.8"]
[Round "2"]
[White "Sexxy_Bunny"]
[Black "toninhojit"]
[Result "1/2-1/2"]
[WhiteElo "2758"]
[BlackElo "2503"]

1. e4 e6 2. d4 d5 3. Nc3 Bb4 4. e5 c5 5. a3 Bxc3+ 6. bxc3 Qc7 7. Qg4 Ne7 8. Qxg7
Rg8 9. Qxh7 cxd4 10. Ne2 Nbc6 11. f4 dxc3 12. Qd3 d4 13. Nxd4 Nxd4 14. Qxd4 Bd7
15. Rg1 Rh8 16. h3 Nf5 17. Qf2 Bc6 18. g4 Nh4 19. Rg3 Qa5 20. Rd3 Rd8 21. Qg3
Rxd3 22. Qxd3 Kf8 23. Be3 Kg7 24. Kf2 Rd8 25. Qc4 Rd7 26. a4 Nf3 27. Bg2 Qd8 28.
g5 Qh8 29. Bxf3 Qh4+ 30. Kg2 Bxf3+ 31. Kxf3 Qxh3+ 32. Kf2 Qh2+ 33. Ke1 Qh4+
1/2-1/2

[Event "AUTO-OPEN-3589"]
[Site "http://www.queenalice.com/game.php?id=1422166"]
[Date "2016.5.9"]
[Round "2"]
[White "toninhojit"]
[Black "vindaloo"]
[Result "1-0"]
[WhiteElo "2514"]
[BlackElo "1885"]

1. d4 d5 2. c4 c6 3. Nf3 e6 4. g3 Nf6 5. Bg2 Bb4+ 6. Bd2 Bxd2+ 7. Nbxd2 O-O 8.
O-O Nbd7 9. Qc2 dxc4 10. Nxc4 Nb6 11. Nce5 Nfd5 12. Nd3 Nd7 13. e4 Nc7 14. a4 a5
15. Nd2 Re8 16. Nc4 b5 17. Nd6 Rf8 18. e5 Nd5 19. Qxc6 1-0

[Event "AUTO-OPEN-3589"]
[Site "http://www.queenalice.com/game.php?id=1422167"]
[Date "2016.5.9"]
[Round "2"]
[White "vindaloo"]
[Black "toninhojit"]
[Result "0-1"]
[WhiteElo "1887"]
[BlackElo "2508"]

1. c4 c5 2. Nc3 Nc6 3. e4 g6 4. d3 Bg7 5. Nge2 e6 6. g3 Nge7 7. Bg2 O-O 8. O-O
d6 9. Be3 Nd4 10. Rb1 Nec6 11. f4 Bd7 12. Bf2 a6 13. a3 b5 14. cxb5 axb5 15.
Nxb5 Nxb5 16. Re1 Nbd4 0-1

[Event "AUTO-ELITE-1620"]
[Site "http://www.queenalice.com/game.php?id=1423347"]
[Date "2016.5.16"]
[Round "2"]
[White "ClivetheBeard"]
[Black "toninhojit"]
[Result "1-0"]
[WhiteElo "2532"]
[BlackElo "2506"]

1. c4 e6 2. g3 d5 3. Nf3 Nf6 4. Bg2 Be7 5. O-O O-O 6. b3 c5 7. e3 d4 8. exd4
cxd4 9. d3 Nc6 10. Qe2 Bd6 11. Ba3 e5 12. Bxd6 Qxd6 13. Nbd2 h6 14. a3 a5 15.
Rfe1 Re8 16. Ne4 Nxe4 17. Qxe4 Re7 18. Nd2 Be6 19. Qe2 Bf5 20. Ne4 Qe6 21. Qd2
b6 22. b4 Rc8 23. Rab1 axb4 24. axb4 Ra7 25. f4 Re8 26. Nf2 Qg6 27. b5 Nb8 28.
Rxe5 Rxe5 29. fxe5 Nd7 30. Re1 Nc5 31. Qf4 Ra2 32. Qxd4 Rxf2 33. Kxf2 Nxd3+ 34.
Kf1 Nxe1 35. Kxe1 Be6 36. Be4 Bf5 37. Bxf5 Qxf5 38. Qxb6 Qb1+ 39. Kd2 Qb2+ 40.
Kd3 Qb1+ 41. Kc3 Qc1+ 42. Kb4 1-0

[Event "AUTO-ELITE-1620"]
[Site "http://www.queenalice.com/game.php?id=1423348"]
[Date "2016.5.16"]
[Round "2"]
[White "toninhojit"]
[Black "ClivetheBeard"]
[Result "0-1"]
[WhiteElo "2487"]
[BlackElo "2539"]

1. d4 d5 2. c4 e6 3. Nf3 a6 4. cxd5 exd5 5. Nc3 Nc6 6. Bf4 Nf6 7. e3 Bd6 8. Bxd6
Qxd6 9. Bd3 Bg4 10. h3 Bh5 11. a3 O-O 12. O-O Rfe8 13. Rc1 Rad8 14. Qc2 Bxf3 15.
gxf3 g6 16. f4 Nb8 17. Na4 Rc8 18. Nc5 c6 19. Kh2 Rc7 20. Rg1 Nbd7 21. b4 Qe7
22. a4 Ne4 23. Bxe4 dxe4 24. Nxd7 Rxd7 25. b5 axb5 26. axb5 Rd6 27. Qb3 Qe6 28.
Qxe6 Rexe6 29. Rg5 f5 30. Rb1 Re7 31. bxc6 bxc6 32. Rgg1 Kf7 33. Rb6 Rc7 34. Ra1
Ke6 35. Raa6 Kd5 36. h4 Rdd7 37. h5 c5 38. dxc5 Rxc5 39. hxg6 hxg6 40. Rxg6 Kc4
41. Ra1 Rdd5 42. Re6 Kb3 43. Kg3 Rd8 44. Rb6+ Kc2 45. Ra2+ Kd3 46. Kh4 Rg8 47.
Rd6+ Kc3 48. Rdd2 Rc4 49. Kh3 Rg1 50. Rdc2+ Kd3 0-1

[Event "AUTO-ELITE-1620"]
[Site "http://www.queenalice.com/game.php?id=1423349"]
[Date "2016.5.16"]
[Round "2"]
[White "FabioDavid"]
[Black "toninhojit"]
[Result "1/2-1/2"]
[WhiteElo "2527"]
[BlackElo "2506"]

1. b3 d5 2. Bb2 c5 3. e3 a6 4. Nf3 Nc6 5. Be2 Bf5 6. O-O Nf6 7. a3 e6 8. Nh4 Bg6
9. d3 Be7 10. Nxg6 hxg6 11. Nd2 d4 12. Bf3 Nd5 13. exd4 cxd4 14. g3 Rc8 15. Re1
O-O 16. Bg2 Nc3 17. Bxc3 dxc3 18. Nf1 Qd7 19. Bxc6 Rxc6 20. a4 Rd8 21. Ne3 Rc5
22. Qf3 Rh5 23. a5 Bb4 24. Nc4 Rf5 25. Qe4 Qe7 26. Ra4 Rb5 27. Kg2 Qf6 28. Qf3
Rf5 29. Qe2 Bc5 30. Ne3 Rh5 31. Rc4 Bd4 32. Ra1 Qe7 33. Raa4 Be5 34. Qd1 Rb8 35.
Qe1 Qd8 36. Ng4 Bc7 37. b4 Bd6 38. Qxc3 Be7 39. Ra1 Rb5 40. f3 Qf8 41. Ra4 Rd8
42. Nf2 Bf6 43. Qe1 Be7 44. Qc3 Bf6 45. Qe1 1/2-1/2

[Event "AUTO-ELITE-1620"]
[Site "http://www.queenalice.com/game.php?id=1423350"]
[Date "2016.5.16"]
[Round "2"]
[White "toninhojit"]
[Black "FabioDavid"]
[Result "0-1"]
[WhiteElo "2517"]
[BlackElo "2528"]

1. d4 d5 2. c4 e6 3. Nf3 Nf6 4. g3 dxc4 5. Qa4+ Bd7 6. Qxc4 Bc6 7. Bg2 Bd5 8.
Qc2 Nc6 9. Qd1 Qd7 10. O-O O-O-O 11. e3 h5 12. Nc3 Kb8 13. Nxd5 exd5 14. h4 Ne4
15. a3 Be7 16. b4 a6 17. Nd2 f5 18. Bh3 Qd6 19. Qf3 Rdf8 20. Qg2 g5 21. hxg5
Nxg5 0-1

[Event "AUTO-ELITE-1636"]
[Site "http://www.queenalice.com/game.php?id=1427582"]
[Date "2016.6.14"]
[Round "2"]
[White "TigranPetrosian"]
[Black "toninhojit"]
[Result "1/2-1/2"]
[WhiteElo "2482"]
[BlackElo "2515"]

1. e4 c5 2. Nf3 e6 3. d4 cxd4 4. Nxd4 Nf6 5. Nc3 d6 6. g4 h6 7. g5 hxg5 8. Bxg5
Nc6 9. Qd2 Qb6 10. Nb3 Ne5 11. Qe2 Bd7 12. Be3 Qa6 13. Qxa6 bxa6 14. Be2 Rh3 15.
Bd4 Nc6 16. Be3 Ne5 17. Bd4 Nc6 18. Be3 Ne5 1/2-1/2

[Event "AUTO-ELITE-1636"]
[Site "http://www.queenalice.com/game.php?id=1427583"]
[Date "2016.6.14"]
[Round "2"]
[White "toninhojit"]
[Black "TigranPetrosian"]
[Result "0-1"]
[WhiteElo "2514"]
[BlackElo "2498"]

1. d4 Nf6 2. c4 g6 3. Nc3 Bg7 4. e4 d6 5. Nf3 O-O 6. h3 Nbd7 7. Be3 e5 8. d5 Nc5
9. Nd2 a5 10. g4 c6 11. Be2 a4 12. b4 axb3 13. axb3 Rxa1 14. Qxa1 Na6 15. Qb2 c5
16. Nf1 Nb4 17. Ng3 Bd7 18. Na2 Nxa2 19. Qxa2 Qa8 20. Qb2 Qa5+ 21. Kf1 b5 22.
Kg2 bxc4 23. bxc4 Ra8 24. Ra1 Qxa1 0-1

[Event "AUTO-OPEN-3589"]
[Site "http://www.queenalice.com/game.php?id=1433710"]
[Date "2016.7.29"]
[Round "3"]
[White "pomar"]
[Black "toninhojit"]
[Result "0-1"]
[WhiteElo "2122"]
[BlackElo "2499"]

1. f3 d5 2. Kf2 e5 3. e3 Bd6 4. g3 h5 5. Bh3 e4 6. Bxc8 Qxc8 7. Nc3 Nf6 8. Kg2
h4 9. Nh3 Nc6 10. Nf4 Qf5 11. fxe4 dxe4 12. Rf1 hxg3 13. hxg3 Bxf4 14. g4 Rh2+
15. Kg1 Qh7 16. exf4 Qh3 17. Ne2 Qg2# 0-1

[Event "AUTO-OPEN-3589"]
[Site "http://www.queenalice.com/game.php?id=1433711"]
[Date "2016.7.29"]
[Round "3"]
[White "toninhojit"]
[Black "pomar"]
[Result "0-1"]
[WhiteElo "2480"]
[BlackElo "2108"]

1. d4 e6 2. c4 d5 3. Nf3 a6 4. cxd5 exd5 5. Nc3 Bb4 6. Bf4 Ne7 7. e3 Nd7 8. Bd3
c5 9. a3 Ba5 10. b4 cxb4 11. axb4 Bxb4 12. Qb3 Bxc3+ 13. Qxc3 O-O 14. Bc7 Qe8
15. Bd6 f5 16. Qa3 Rf7 17. Ng5 g6 18. Nxf7 Kxf7 19. O-O Nf6 20. Rfc1 Nc6 21. Qb3
Qe6 22. Bf4 Nh5 23. Bh6 Qf6 24. Bxa6 g5 25. Bxb7 Rxa1 0-1

[Event "AUTO-ELITE-1637"]
[Site "http://www.queenalice.com/game.php?id=1434679"]
[Date "2016.8.4"]
[Round "2"]
[White "jacconsultoria"]
[Black "toninhojit"]
[Result "1-0"]
[WhiteElo "2568"]
[BlackElo "2493"]

1. Nf3 c5 2. b3 d5 3. Bb2 f6 4. e3 e5 5. Bb5+ Nc6 6. Bxc6+ bxc6 7. d3 Bd6 8.
Nbd2 Be6 9. c4 Nh6 10. O-O O-O 11. e4 d4 12. Re1 a5 13. a4 Qb6 14. Ba3 Qb7 15.
h3 Nf7 16. Nf1 Ra6 17. Ng3 1-0

[Event "AUTO-ELITE-1637"]
[Site "http://www.queenalice.com/game.php?id=1434680"]
[Date "2016.8.4"]
[Round "2"]
[White "toninhojit"]
[Black "jacconsultoria"]
[Result "0-1"]
[WhiteElo "2500"]
[BlackElo "2561"]

1. d4 Nf6 2. c4 c5 3. d5 e6 4. Nc3 exd5 5. cxd5 d6 6. e4 g6 7. Nf3 Bg4 8. Qa4+
Bd7 9. Qb3 Qb6 10. Bc4 Bg7 11. Bf4 Ke7 12. h3 Nh5 13. Bh2 Na6 14. O-O Qxb3 15.
axb3 Nb4 16. e5 dxe5 0-1